01303nam a2200325 a 4500001001000000003000500010005001700015008004100032010001100073011001100084040000900095090001000104100003900114245014200153260004100295500006000336502010900396590004100505590004000546590004000586590004000626650003700666650004800703856007000751901000700821942001000828942000600838999001900844952011400863000115544CHAP20220329144539.0190604s2019 mx a sm |||||||spa d a112005 a112977 cCHAP aTesis1 aRuíz Jiménez, Rocío.913594810aEvaluación de alternativas biorracionales para el control de mosquitos en aguas tratadas /h[En línea]cpor Rocío Ruíz Jiménez. aChapingo, Méx. :bEl autor,c2019. aPara ver el contenido del material haga clic en la liga aTesis (Ing. Agr. Esp. en Parasitología Agrícola) -- UACH. Departamento de Parasitología Agrícola aBATCH-UPDb05c20190604lUCH01h1547 aE8697GMMb05c20190604lUCH01h1311 aE8697GMMb05c20190604lUCH01h1546 aE8697GMMb05c20190604lUCH01h154614aAguas residualesxAnalisis9258414aNemátodos parásitos de insectos.980831 aFinding aiduhttp://10.13.5.2/tesis/sist115544.pdfzTeclea aquí aBK cTESIS n0 c112005d112005 00102local40718TESISaBCbBCd2019-06-04fTESISl0oTesisp115555-10r2019-12-31 00:00:00w2019-06-04yCD